Animales trabajadores / (Registro nro. 12009)

Detalles MARC
000 -LIDER
fixed length control field 00669nam a22002417a 4500
001 - NÚMERO DE CONTROL
Identificador de número de control 000718
003 - IDENTIFICACDOR DE NÚMERO DE CONTROL
control field DO-SdBNP
005 - DATE AND TIME OF LATEST TRANSACTION
control field 20180209142705.0
007 - CAMPOS FIJOS DE DESCRIPCIÓN FÍSICA
fixed length control field 000718
008 - ELEMENTOS DE LONGITUD FIJA
fixed length control field 161121b 1977 sp a ||||| |||| 00| 0 spa d
020 ## - ISBN
International Standard Book Number 8424309022
040 ## - FUENTE DE CATALOGACIÓN
Agencia que crea de manera original el registro BPMSU
Idioma de catalogación spa
Agencia que realiza la transcripción BPMSU
082 ## - NÚMERO DE CLASIFICACIÓN DECIMAL DE DEWEY
Classification number xxxx
Item number xxxx
100 1# - ASIENTO PRINCIPAL -- NOMBRE PERSONAL
Nombre personal Beaumont,
Fechas asociadas con el nombre 1922-1994.
245 10 - MENCIÓN DE TITULO
Título Animales trabajadores /
Mención de responsabilidad texto e ilustraciones, Beaumont.
260 ## - PUBLICACIÓN, DISTRIBUCIÓN, ETC. (PIE DE IMPRENTA)
Lugar de publicación, distribución, etc Bilbao :
Nombre del editor, distribuidor, etc. Fher imp.,
Fecha de publicación, distribución, etc 1977.
300 ## - DESCRIPCIÓN FÍSICA
Extensión [26] p. :
Otros detalles físicos il. ;
Dimensiones 30 cm.
490 1# - MENCIÓN DE SERIES
Mención de serie Fauna curiosa
830 #0 - ASIENTO SECUNDARIO DE SERIE--TÍTULO UNIFORME
Título uniforme Fauna curiosa
942 ## - ADDED ENTRY ELEMENTS (KOHA)
Source of classification or shelving scheme Dewey Decimal Classification
Koha item type Libros
945 ## - INFORMACIÓN DE PROCESAMIENTO LOCAL
Información de procesamiento local Inventariado, 2018 / BT
956 ## - LOCAL ELECTRONIC LOCATION AND ACCESS (OCLC)
Método de acceso LOPEREZ
Materiales especificados 10
Enlace BPMSU
Campo enlazado y núm. de secuencia 20161121
Nombre de host 00041
Existencias
Withdrawn status Lost status Source of classification or shelving scheme Damaged status Not for loan Collection code Home library Current library Date acquired Source of acquisition Total Checkouts Full call number Barcode Date last seen Price effective from Koha item type
    Dewey Decimal Classification     Colección Infantil General Biblioteca Pública Metropolitana Salomé Ureña Biblioteca Pública Metropolitana Salomé Ureña 11/21/2016 Sin sellar   xxxx xxxx BPMSU16111440 11/21/2016 11/21/2016 Libros